[Event "Denver CC Tribute to MLK"]
[Site "Denver"]
[Date "2023.01.??"]
[Round "4"]
[White "Petersen, Nick"]
[Black "Sorokin, Aleksey"]
[Result "0-1"]
[WhiteElo "1727"]
[BlackElo "2537"]
[PlyCount "48"]
[EventDate "2023.01.14"]
[EventType "swiss"]
[EventRounds "5"]
[EventCountry "USA"]
[SourceTitle "EXT 2024"]
[Source "ChessBase"]
[SourceDate "2023.10.10"]
[SourceVersion "1"]
[SourceVersionDate "2023.10.10"]
[SourceQuality "1"]

1. d4 Nf6 2. c4 g6 3. Nc3 d5 4. Nf3 Bg7 5. cxd5 Nxd5 6. e4 Nxc3 7. bxc3 c5 8. Rb1 0-0 9. Be2 cxd4 10. cxd4 Qa5+ 11. Bd2 Qxa2 12. 0-0 Bg4 13. Rxb7 Bxf3 14. Bxf3 Bxd4 15. Rxe7 Nc6 16. Rd7 Rad8 17. Rd5 Ne7 18. Rxd8 Rxd8 19. Be3 Nc6 20. Qc1 Bxe3 21. Qxc6 Bb6 22. Qf6 Rd2 23. Bd1 Bxf2+ 24. Kh1 Qc4 0-1